Česká verejnoprávna televízia potrebuje opäť získať diváka

Zmeny Českej televízie od r.1992 (verejnoprávna inštitúcia, organizačné zmeny - producentský systém, duálne vysielanie, financie). Konkurencia verejnoprávnej a súkromnej televízie. Vysoké náklady výroby programov. Privatizácia. Spolupráca so ST na formálnej úrovni.

Uložené v:
Podrobná bibliografia
Hlavný autor: Kadlec, Ľ.
Médium: Kapitola
Jazyk:Slovak
Predmet:
Tagy: Pridať tag
Žiadne tagy, Buďte prvý, kto otaguje tento záznam!

MARC

LEADER 00000naa a2200000 4500
001 r016661
005 20221213100743.9
041 0 |a slo 
044 |a SK 
245 1 0 |a Česká verejnoprávna televízia potrebuje opäť získať diváka  |c Ľ. Kadlec 
520 |a Zmeny Českej televízie od r.1992 (verejnoprávna inštitúcia, organizačné zmeny - producentský systém, duálne vysielanie, financie). Konkurencia verejnoprávnej a súkromnej televízie. Vysoké náklady výroby programov. Privatizácia. Spolupráca so ST na formálnej úrovni. 
610 2 0 |a televízia 
610 2 0 |a inštitúcie verejnoprávne 
610 2 0 |a Česko 
610 2 0 |a reorganizácia 
610 2 0 |a privatizácia 
610 2 0 |a financovanie 
610 2 0 |a náklady 
610 2 0 |a konkurencia 
100 1 |a Kadlec, Ľ.